000
00184 a2200097 4500
001
45453
100
_a
Pasternak A
245
_a
260
_a
New Delhi
_b
_c
090
_c
28617
_d
28617
942
_a
NUST-CAE
_c
M
_c
20688
999
_c
280526
_d
280526